| 000 | 00408cam a2200157ua 4500 | ||
|---|---|---|---|
| 041 |
_aeng _h |
||
| 082 |
_a580 _bDAS/US |
||
| 100 | _aDastur, J F . | ||
| 245 |
_aUseful plants of India and Pakistan / _cJ F Dastur. _hTextual Documents |
||
| 250 |
_a3 / _b. |
||
| 260 |
_aMumbai : _bD B Taraporevala sons & Co. Pvt. Ltd. , _c1963. |
||
| 300 | _a260 ; . | ||
| 504 | _a | ||
| 942 | _cBK | ||
| 999 |
_c10853 _d10853 |
||